Interdisciplinary studies of river channels and UAV mapping in the V4 region /

Saved in:
Bibliographic Details
Main Authors: Michalková, Monika (Author), Miřijovský, Jakub a kol (Author)
Format: Book
Language:English
Published: Bratislava: Comenius University in Bratislava, 2016
Edition:1. vyd.
Subjects:
Tags: Add Tag
No Tags, Be the first to tag this record!

MARC

LEADER 00000nam a22000003a 4500
001 0022376
003 SK-STU
005 20170227120323.9
007 ta
008 170227s ----xo-----e------000-0-----d
020 |a 978-80-223-4055-7 
040 |a STU  |b slo 
041 0 |a eng  |h eng 
044 |a xo 
100 1 |a Michalková, Monika  |4 aut 
245 1 0 |a Interdisciplinary studies of river channels and UAV mapping in the V4 region /  |c aut. Monika Michalková, Jakub a kol Miřijovský 
250 |a 1. vyd. 
260 |a Bratislava:  |b Comenius University in Bratislava,  |c 2016 
300 |a 276 s. 
650 0 7 |a rivers 
650 0 7 |a channel system 
650 0 7 |a floodplain area 
650 0 7 |a sediment transport 
650 0 7 |a UAV fotogrametria 
700 1 |a Miřijovský, Jakub a kol.  |r Z6  |4 aut 
996 |b 284V040209  |c V* 52429/O-23586  |l VVT  |s A  |a 24  |w 0022376_0001